Loading...

MOLECULAR ORBITAL THEORY: FOR ORGANIC CHEMISTS

Bibliographic Details
Main Author: STREITWIESER ANDREW
Format: Printed Book
Published: NEWYORK JOHN WILEY 1964
Subjects:
LEADER 00589nam a2200181 4500
020 |c 13 
082 |a 541.28 STR 
100 |a STREITWIESER ANDREW 
245 |a MOLECULAR ORBITAL THEORY: FOR ORGANIC CHEMISTS  |h ENGLISH 
250
260 |a NEWYORK  |b JOHN WILEY  |c 1964 
300 |a 489  |f HB 
500 |a   
590 |d Dollar 13 
650 |a MOLECULAR ORBITAL THEORY-- FOR ORGANIC CHEMISTS 
942 |c BK 
999 |c 119234  |d 119234 
952 |0 0  |1 0  |4 0  |6 541_280000000000000_STR  |7 0  |9 132699  |a CHE  |b CHE  |g 13.00  |l 0  |o 541.28 STR  |p CHE540  |r 2019-10-15  |w 2019-10-15  |y BK